| 000 | 00571 a2200205 4500 | ||
|---|---|---|---|
| 005 | 20260130163844.0 | ||
| 008 | 260129b |||||||| |||| 00| 0 eng d | ||
| 020 |
_a9789391581978 _cRs. 2695.00 |
||
| 040 | _aMAIN | ||
| 082 |
_a155 _bR73I |
||
| 100 | _aRoshan Lal | ||
| 245 | _aInstant notes on psychology human development and interventions | ||
| 260 |
_bPsycho Information Technologies _c2024 _aNew Delhi |
||
| 300 | _a336 | ||
| 650 | _aPsychology | ||
| 650 | _aHuman Development | ||
| 650 | _aDevelopmental Psychology | ||
| 700 | _aSekhri, Ritu | ||
| 942 | _cBK | ||
| 999 |
_c393694 _d393694 |
||